00853nabaa22001817a 4500999001500000003000400015005001700019008004100036040000700077100003000084245009100114300001300205505019900218505009000417650003200507773011900539942001300658 c6113d6113OSt20260122101635.0190701b xxu||||| |||| 00| 0 spa d cPJ 96881aDasenchich, Lorena 10aCapacidades estatales para innovar : bherramientas y desafíos /cLorena Dasenchich. ap. 39-48 aSumario: I. Introducción.— II. Concepto de capacidad estatal.— III. La innovación en el sector público.— IV. ¿Cómo medir capacidad e innovación en el Estado?— V. Conclusiones. t¿Te interesa el texto completo? Comunicate al correo: koha@justierradelfuego.gov.ar  09211aDERECHO ADMINISTRATIVO0 0284293251dBuenos Aires : AbeledoPerrot, 2012-oDA121tDerecho administrativo. Nº 146 marzo/abril 2023z18510590 2udccANA